书目信息 |
| 题名: |
SI化学数据表
|
|
| 作者: | 艾尔沃德 , 芬德利 编 ;周宁怀 译 | |
| 分册: | ||
| 出版信息: | 北京 高等教育出版社 1985 |
|
| 页数: | 141页 | |
| 开本: | 26cm | |
| 丛书名: | ||
| 单 册: | ||
| 中图分类: | O6-64 | |
| 科图分类: | ||
| 主题词: | 化学-国际单位制-数据--手册 , 国际单位制-化学-数据--手册 , 数据-化学-国际单位制--手册 | |
| 电子资源: | ||
| ISBN: | ||
| 000 | 00873nam0 2200277 45 | |
| 001 | 0185010836 | |
| 005 | 20060720103523.01 | |
| 010 | @dCNY2.00 | |
| 091 | @a13010.01021 | |
| 100 | @a19900816d1985 emky0chiy0121 ea | |
| 101 | 1 | @achi@ceng |
| 102 | @aCN@b110000 | |
| 105 | @ay z 000yy | |
| 200 | 10 | @aSI化学数据表@ASI hua xue shu ju biao@f(澳)G·H·艾尔沃德, (澳)T·J·V·芬德利编@F(ao)G·H·ai er wo de,(ao)T·J·V·fen de li bian@g周宁怀译 |
| 210 | @a北京@c高等教育出版社@d1985 | |
| 215 | @a141页@d26cm | |
| 606 | @a化学-国际单位制-数据@x手册 | |
| 606 | @a国际单位制-化学-数据@x手册 | |
| 606 | @a数据-化学-国际单位制@x手册 | |
| 690 | @aO6-64@v3 | |
| 701 | 0 | @a艾尔沃德@Aai er wo de@4编 |
| 701 | 0 | @a芬德利@Afen de li@4编 |
| 702 | 0 | @a周宁怀@Azhou ning huai@4译 |
| 801 | 2 | @aCN@bNLC@c20060720 |
| 801 | 0 | @aCN@b深圳图书馆@c20040519 |
| 905 | @dO6-64@e161 | |
| SI化学数据表/(澳)G·H·艾尔沃德, (澳)T·J·V·芬德利编/周宁怀译.-北京:高等教育出版社,1985 |
| 141页;26cm |
| ISBN :CNY2.00 |
| ● |
| 相关链接 |
|
|
|
|
正题名:SI化学数据表
索取号:O6-64/161
 
预约/预借
| 序号 | 登录号 | 条形码 | 馆藏地/架位号 | 状态 | 备注 |
| 1 | 0135282 | 000339690 | 第三借阅区/ [索取号:O6-64/161] | 在馆 | |
| 2 | 0135283 | 000339707 | 第三借阅区/ [索取号:O6-64/161] | 在馆 | |
| 3 | 0135284 | 000339681 | 第三借阅区/ [索取号:O6-64/161] | 在馆 | |
| 4 | 0135285 | 202100715 | 第二样本阅览室/ [索取号:O6-64/161] | 在馆 | |
| 5 | 0432052 | 204320528 | 密集书库/ [索取号:O6-64/161] | 在馆 |